Alle Percy Jackson Teile - Statistiken

Allgemein
  • Dieses Quiz wurde 105 mal gespielt
  • Das Durchschnittsergebnis liegt bei 4 aus 7
Antwortstatistiken
Erscheinungsjahr Teil Buchtitel % Korrekt
2005 1 Diebe im Olymp
92%
2006 2 Im Bann des Zyklopen
70%
2009 5 Die letzte Göttin
65%
2007 3 Der Fluch des Titanen
57%
2023 6 Der Kelch der Götter
47%
2008 4 Die Schlacht um das Labyrinth
44%
2024 7 Der Zorn der dreifachen Göttin
35%
Keine übereinstimmenden Quizze gefunden
Verteilung der Resultate
Anzahl Personen mit jedem Resultat
Perzentil nach korrekt beantworteten Fragen
Ihre Resultats-Entwicklung
Sie haben dieses Quiz noch nicht gespielt